=LDR 00000nam 2200000 4500 =001 000837 =005 20250712105621 =035 ##$$a 0010-0725000711 =007 ta =008 250712################a##########0#ind## =020 ##$$a 978-623-307-566-7 =082 ##$$a 398.209 598 =084 ##$$a 398.209 598 KOT f =100 #$$a Kothari Ashish =245 1#$$a Flora dan Fauna di Kolam Kota /$c Ashish Kothari =250 ##$$a Cetakan Pertama 2024 =260 ##$$a Jakarta :$b Badan Pengembangan dan Pembinaan Bahasa,$c 2022 =300 ##$$a 32 hlm : $b Ilus. ; $c 21,5 cm =650 #4$$a Cerita Anak Indonesia - Terjemahan =650 #4$$a Literasi- Bahan Bacaan =990 ##$$a TBM202400600